000
00337nam a2200145Ia 4500
003
OSt
005
20231230072157.0
008
170524s9999 xx 000 0 und d
020
_a
9788126123421
040
_c
IIMT UNIVERSITY
100
_a
Sharma Seema
245
0
_a
Development Jourlalism
260
_b
New Delhi:Anmol
942
_2
ddc
_c
01
999
_c
8998
_d
8998